The study on wild rattan resource assessment in prek thnot community protected area in prek thnot commune kampot district kampot province, សិក្សាពីការវាយតំលៃធនធានផ្ដៅធម្មជាតិនៅក្នុងសហគមន៍តំបន់ការពារធនធានធម្មជាតិព្រែកត្នោត ឃុំព្រែកត្នោត ស្រុកកំពត ខេត្តកំពត (Record no. 3402)

000 -LEADER
fixed length control field 00835nam a22001337a 4500
040 ## - CATALOGING SOURCE
Transcribing agency RUA
082 ## - DEWEY DECIMAL CLASSIFICATION NUMBER
Classification number FOR MOE 2010 B139 Or.1
100 ## - MAIN ENTRY--AUTHOR NAME
Personal name MOEURN, KREN.
245 ## - TITLE STATEMENT
Title The study on wild rattan resource assessment in prek thnot community protected area in prek thnot commune kampot district kampot province, សិក្សាពីការវាយតំលៃធនធានផ្ដៅធម្មជាតិនៅក្នុងសហគមន៍តំបន់ការពារធនធានធម្មជាតិព្រែកត្នោត ឃុំព្រែកត្នោត ស្រុកកំពត ខេត្តកំពត
260 ## - PUBLICATION, DISTRIBUTION, ETC. (IMPRINT)
Place of publication Phnom Penh
Name of publisher RUA
Year of publication 2010
300 ## - PHYSICAL DESCRIPTION
Number of Pages xi; 58p.
Other physical details ill.
Dimensions 29cm.
856 ## - ELECTRONIC LOCATION AND ACCESS
Uniform Resource Identifier https://drive.google.com/file/d/1NUFouCLpvYXmll9o4XSjHtO7-xIVbkVj/view?usp=sharing
942 ## - ADDED ENTRY ELEMENTS (KOHA)
Koha item type FOR
952 ## - LOCATION AND ITEM INFORMATION (KOHA)
Withdrawn status [LOCAL, KOHA] 0
952 ## - LOCATION AND ITEM INFORMATION (KOHA)
Withdrawn status [LOCAL, KOHA] 0
952 ## - LOCATION AND ITEM INFORMATION (KOHA)
Withdrawn status [LOCAL, KOHA] 0
952 ## - LOCATION AND ITEM INFORMATION (KOHA)
Withdrawn status [LOCAL, KOHA] 0
952 ## - LOCATION AND ITEM INFORMATION (KOHA)
Withdrawn status [LOCAL, KOHA] 0
952 ## - LOCATION AND ITEM INFORMATION (KOHA)
Withdrawn status [LOCAL, KOHA] 0
952 ## - LOCATION AND ITEM INFORMATION (KOHA)
Withdrawn status [LOCAL, KOHA] 0
952 ## - LOCATION AND ITEM INFORMATION (KOHA)
Withdrawn status [LOCAL, KOHA] 0
Holdings
Permanent Location Date acquired Koha item type Lost status Shelving location Barcode Current Location Full call number
Library Block B2015-11-13FOR B139RUA026251Library Block BFOR MOE 2010 B139 Or.1
Library Block B2015-11-13FOR B139RUA026179Library Block BFOR MOE 2010 B139 Or.2
Library Block B2015-11-13FOR B139RUA026107Library Block BFOR MOE 2010 B139 Or.3
Library Block B2015-11-13FOR B139RUA028785Library Block BFOR MOE 2010 B139 Or.4
Library Block B2015-11-13FOR B139RUA028854Library Block BFOR MOE 2010 B139 Or.5
Library Block B2015-11-13FOR B139RUA028178Library Block BFOR MOE 2010 B139 Or.6
Library Block B2015-11-13FOR B139RUA028710Library Block BFOR MOE 2010 B139 Or.7
Library Block B2015-11-13FOR B139RUA029000Library Block BFOR MOE 2010 B139 Or.8
មជ្ឈមណ្ឌលឯការនៃសាកលវិទ្យាល័យភូមិន្ទកសិកម្មចំការដូង

Powered by Koha